Datum a čas kvízu
29.5
Celkem bodů
Celkový počet nahraných bodů na tomto kvízu bez doplňovacích otázek.
7.
Pořadí na kvízu
Konečné umístění týmu na tomto kvízu.
Zaznamenané odpovědi
| # | Otázka | Odpověď | Body | Výsledky |
|---|---|---|---|---|
| 1. | Minulý týden se konala velmi k... | zadek | 1 | |
| 2. | Sarah Mullally stanula minulý... | o anglikánskou církev | 0 | |
| 3. | U příležitosti narozenin jedné... | Marta Kubišová | 0 | |
| 4. | Od 1. října už není možné žáda... | Superdávka | 0 | |
| 5. | Ve kterém městě se odehrál UFC... | v Las Vegas | 0 | |
| 6. | Wikipedii s nejvyšší pravděpod... | z havajštiny | 1 | |
| 7. | Fanoušci kvízu občas jistě se... | A | 0 | |
| 8. | Dobrým zdrojem informací jsou... | Michal Suchánek, Richard Genzer | 1 | |
| 9. | Mnemotechnické pomůcky se hodí... | barvy duhy (pořadí) | 1 | |
| 10. | Někdy však k úspěchu v kvízu s... | 1C 2D 3B 4A | 1 |